000 00637nam a2200229Ia 4500
003 OSt
005 20220928103829.0
006 a|||||r|||| 00| 0
007 ta
008 220927b |||||||| |||| 00| 0 eng d
024 _a51701
037 _cTextual
040 _aSDCL
_cSDCL
_beng
041 _2eng
_aeng
082 _aO152,3N6:g(Y15), N2
100 _aDass Ganesh
_9407209
245 0 _aSwantantryottar Hindi kahani mein nari ke vividh roop.
260 _aKanpur
_bAkshay Prakashan
_c1992
300 _a244p.
_ccm.
942 _hO152,3N6:g(Y15), N2
_cTEXL
_2CC
999 _c722741
_d722741